[Event "Xtracon Chess Open 2017"]
[Site "Helsingor DEN"]
[Date "2017.07.23"]
[Round "2.53"]
[White "Brondum, Eric"]
[Black "Rostgaard, Tobias Valentin"]
[Result "0-1"]
[WhiteTitle "FM"]
[BlackTitle "FM"]
[WhiteElo "2040"]
[BlackElo "2327"]
[WhiteFideId "1400894"]
[BlackFideId "1408801"]
[EventDate "2017.07.22"]

1. d4 Nf6 2. Bg5 d5 3. Nd2 c5 4. c3 cxd4 5. cxd4 Nc6 6. e3 Ne4 7. Nxe4 dxe4 8.
Qd2 h6 9. Bh4 g5 10. Bg3 e5 11. Bb5 exd4 12. Be5 Rg8 13. Bxd4 Qd5 14. Ba4 Qc4
15. Bb3 Qd3 16. Qxd3 exd3 17. Bc3 g4 18. O-O-O Be7 19. Rxd3 Bf5 20. Rd1 Nb4 21.
Ne2 Nd3+ 22. Rxd3 Bxd3 23. Nf4 Be4 24. Bd5 Bxd5 25. Nxd5 Rc8 26. Kb1 Rg6 27. e4
Re6 28. f3 gxf3 29. gxf3 Rg6 30. Ne3 Rd8 31. Kc2 Bc5 32. Nf5 Rg2+ 33. Kb3 Bf8
34. Bd4 b5 35. a4 bxa4+ 36. Kxa4 Rb8 37. Rc1 Rg6 38. Bc3 Ra6+ 39. Ba5 Rb4+ 0-1

[Event "Xtracon Chess Open 2017"]
[Site "Helsingor DEN"]
[Date "2017.07.23"]
[Round "2.54"]
[White "Tryggestad, Andreas Garberg"]
[Black "Slettebo, Jan"]
[Result "1-0"]
[WhiteTitle "FM"]
[WhiteElo "2324"]
[BlackElo "2021"]
[WhiteFideId "1513338"]
[BlackFideId "1704958"]
[EventDate "2017.07.22"]

1. d4 d5 2. c4 c6 3. Nf3 Nf6 4. Nc3 dxc4 5. a4 Bf5 6. Ne5 Nbd7 7. Nxc4 Nb6 8.
Ne5 a5 9. f3 Nfd7 10. Nxd7 Bxd7 11. e4 Be6 12. d5 Bd7 13. Be3 Rc8 14. dxc6 Rxc6
15. Bb5 Rd6 16. Qb3 Nc8 17. e5 Rg6 18. O-O-O 1-0

[Event "Xtracon Chess Open 2017"]
[Site "Helsingor DEN"]
[Date "2017.07.23"]
[Round "2.55"]
[White "Karlsson, Ulf"]
[Black "Pantzar, Milton"]
[Result "0-1"]
[BlackTitle "FM"]
[WhiteElo "2036"]
[BlackElo "2313"]
[WhiteFideId "1721674"]
[BlackFideId "1721003"]
[EventDate "2017.07.22"]

1. e4 e5 2. Nf3 Nc6 3. Nc3 Nf6 4. d4 exd4 5. Nxd4 Bb4 6. Nxc6 bxc6 7. Bd3 d5 8.
exd5 cxd5 9. O-O O-O 10. Bg5 Be6 11. Ne2 Rb8 12. Nd4 Bd7 13. c3 Bd6 14. Qf3 Rxb2
15. Nb3 c5 16. Bxf6 Qxf6 17. Qxd5 Bc6 18. Qf5 Qh6 19. h3 Qh4 20. Na5 Bxg2 21.
Kxg2 Qg3+ 0-1

[Event "Xtracon Chess Open 2017"]
[Site "Helsingor DEN"]
[Date "2017.07.23"]
[Round "2.56"]
[White "Dishman, Stephen"]
[Black "Skovgaard, Ib"]
[Result "1-0"]
[WhiteElo "2313"]
[BlackElo "2016"]
[WhiteFideId "403024"]
[BlackFideId "1406760"]
[EventDate "2017.07.22"]

1. d4 Nf6 2. Bg5 Ne4 3. Bf4 Nc6 4. Nf3 e5 5. Bxe5 Nxe5 6. dxe5 d5 7. exd6 Bxd6
8. Nbd2 Bf5 9. e3 Qf6 10. Nxe4 Bxe4 11. c3 O-O-O 12. Qd4 Qxd4 13. Nxd4 c5 14.
Ne2 Rd7 15. O-O-O Rhd8 16. Ng3 Bc6 17. Nf5 Bf8 18. Rxd7 Rxd7 19. Be2 Bxg2 20.
Rg1 Bh3 21. Nxg7 f5 22. Ne6 Be7 23. Rg8+ Bd8 24. Nf4 Bg4 25. f3 Re7 26. Kd2 1-0

[Event "Xtracon Chess Open 2017"]
[Site "Helsingor DEN"]
[Date "2017.07.23"]
[Round "2.57"]
[White "Risting, Eivind Olav"]
[Black "Schrodt, Sebastian"]
[Result "1/2-1/2"]
[WhiteTitle "FM"]
[WhiteElo "2307"]
[BlackElo "2007"]
[WhiteFideId "1517333"]
[BlackFideId "24675563"]
[EventDate "2017.07.22"]

1. d4 Nf6 2. c4 e6 3. Nc3 Bb4 4. Qc2 O-O 5. Nf3 c5 6. dxc5 Bxc5 7. Bg5 Nc6 8. e3
d5 9. a3 d4 10. O-O-O e5 11. Nd5 Bg4 12. Bd3 b5 13. Bxh7+ Nxh7 14. Bxd8 Rfxd8
15. Kb1 bxc4 16. Qxc4 Bf5+ 17. Ka1 Na5 18. Qa4 Nb7 19. exd4 Rxd5 20. dxc5 Nxc5
21. Qc4 Rxd1+ 22. Rxd1 Rc8 23. Rd5 Nb3+ 24. Qxb3 Rc1+ 25. Ka2 Bb1+ 26. Ka1 Bc2+ 1/2-1/2

[Event "Xtracon Chess Open 2017"]
[Site "Helsingor DEN"]
[Date "2017.07.23"]
[Round "2.58"]
[White "Moestrup, Jorn"]
[Black "Fossan, Petter"]
[Result "1/2-1/2"]
[BlackTitle "FM"]
[WhiteElo "2034"]
[BlackElo "2301"]
[WhiteFideId "1403680"]
[BlackFideId "1500260"]
[EventDate "2017.07.22"]

1. Nf3 c5 2. c4 Nc6 3. d4 cxd4 4. Nxd4 g6 5. e4 Bg7 6. Be3 Nf6 7. Nc3 O-O 8. Be2
d6 9. O-O Bd7 10. Qd2 Nxd4 11. Bxd4 Bc6 12. f3 Nd7 13. Be3 a5 14. Nd5 Nc5 15.
Rab1 e6 16. Nc3 Be5 17. g3 f5 18. exf5 gxf5 19. Rbd1 Qf6 20. Bh6 Rf7 21. Qg5+
Qxg5 22. Bxg5 Rd7 23. Rd2 a4 24. Bf4 Kf7 25. Rfd1 Bxf4 26. gxf4 Ke7 27. Kf2 Rg8
28. Rg1 Rxg1 29. Kxg1 Rd8 30. Kf2 d5 31. Ke3 b6 32. cxd5 exd5 33. Bb5 Kd6 34.
Bc4 Ke6 35. Bb5 Kd6 36. Bc4 Ke6 37. Bb5 1/2-1/2

[Event "Xtracon Chess Open 2017"]
[Site "Helsingor DEN"]
[Date "2017.07.23"]
[Round "2.59"]
[White "Kucuksari, Kaan"]
[Black "French, Max"]
[Result "1-0"]
[WhiteTitle "FM"]
[WhiteElo "2301"]
[BlackElo "2001"]
[WhiteFideId "6380166"]
[BlackFideId "426652"]
[EventDate "2017.07.22"]

1. d4 Nf6 2. Nf3 e6 3. c4 b6 4. g3 Ba6 5. b3 Bb4+ 6. Bd2 Be7 7. Bg2 c6 8. O-O d5
9. Bc3 O-O 10. Nbd2 Nbd7 11. Re1 Rc8 12. e4 dxe4 13. Nxe4 Nxe4 14. Rxe4 Nf6 15.
Re3 b5 16. Ne5 Qb6 17. c5 Qb7 18. b4 Rc7 19. Qe2 Qc8 20. Re1 Bb7 21. Bd2 Nd7 22.
Bh3 Bg5 23. Nxd7 Rxd7 24. Re4 Bxd2 25. Qxd2 Qd8 26. Rf4 Re8 27. Re3 Rd5 28. Bg2
g5 29. Rfe4 e5 30. Qc3 f6 31. Re1 Re7 32. dxe5 Rd3 33. Qb2 f5 34. R4e3 Rd2 35.
Qb3+ Kg7 36. Rf3 Bc8 37. e6 Kg6 38. Qb1 Qf8 39. g4 Rd5 40. gxf5+ Rxf5 41. Rxf5
Qxf5 42. Be4 1-0

[Event "Xtracon Chess Open 2017"]
[Site "Helsingor DEN"]
[Date "2017.07.23"]
[Round "2.60"]
[White "Bjorneboe, Kristian"]
[Black "Gajic, Mladen"]
[Result "1-0"]
[BlackTitle "FM"]
[WhiteElo "2023"]
[BlackElo "2300"]
[WhiteFideId "1424718"]
[BlackFideId "1709178"]
[EventDate "2017.07.22"]

1. d4 c5 2. c3 Nf6 3. Nf3 e6 4. Nbd2 d5 5. e3 Nc6 6. Bd3 Bd6 7. O-O O-O 8. Qe2
e5 9. dxc5 Bxc5 10. e4 Re8 11. exd5 Nxd5 12. Ne4 Be7 13. Rd1 Qc7 14. Neg5 Nf6
15. Bc4 e4 16. Bxf7+ Kh8 17. Bxe8 exf3 18. Qc4 h6 19. Nf7+ Kh7 20. Bxc6 bxc6 21.
Bf4 Qb6 22. Ne5 Bc5 23. Qd3+ Kh8 24. Qd8+ Kh7 25. Qxb6 Bxb6 26. Nxf3 Bg4 27. Re1
Bxf3 28. gxf3 Nd5 29. Be5 Rf8 30. Bd4 Rf6 31. c4 Nb4 32. Bxb6 axb6 33. Re4 c5
34. Rd1 Nxa2 35. Rd7 h5 36. Re5 Kh6 37. h4 Nb4 38. Rg5 g6 39. Re5 Rf4 40. Re4
Rf8 41. Ree7 Rh8 42. Rd6 Nc2 43. Ree6 Nd4 44. Re5 Rf8 45. Rg5 Nf5 46. Rgxg6+ Kh7
47. Rgf6 1-0

[Event "Xtracon Chess Open 2017"]
[Site "Helsingor DEN"]
[Date "2017.07.23"]
[Round "2.61"]
[White "Wadsworth, Matthew J"]
[Black "Thybo, Thomas Sondergaard"]
[Result "1/2-1/2"]
[WhiteTitle "FM"]
[WhiteElo "2298"]
[BlackElo "1999"]
[WhiteFideId "415804"]
[BlackFideId "1441299"]
[EventDate "2017.07.22"]

1. c4 e6 2. g3 d5 3. Bg2 Nf6 4. Nf3 dxc4 5. Qa4+ Nbd7 6. Qxc4 c5 7. Qc2 b6 8. a4
Bb7 9. O-O Nd5 10. Nc3 N7f6 11. d3 a6 12. Qb3 Be7 13. Rd1 Rc8 14. Rb1 O-O 15.
Bd2 Qc7 16. e4 Nb4 17. Bf4 Bd6 18. Bxd6 Qxd6 19. e5 Bd5 20. Qxb4 cxb4 21. exd6
bxc3 22. bxc3 Rc6 23. c4 Bxf3 24. Bxf3 Rxd6 25. d4 Rc8 26. Rdc1 g6 27. c5 bxc5
28. dxc5 Rd4 29. c6 Nd5 30. Bxd5 exd5 31. c7 Re4 32. Rb8 Ree8 33. Rb6 Re7 34.
Rb8 Ree8 35. Rb7 Kg7 36. Rd1 Re7 37. Rxd5 Rexc7 38. Rxc7 Rxc7 39. Rd6 Rc3 40.
Rxa6 Ra3 41. Ra8 h5 42. Kg2 Kf6 43. a5 Kg7 44. a6 Kf6 45. a7 Kg7 46. h3 Kf6 47.
Kf1 Ra2 48. Ke1 Kg7 49. Kd1 Kf6 50. Kc1 Kg7 51. Kb1 Ra6 52. Kb2 Kf6 53. Kb3 Kg7
54. Kb4 Kf6 55. Kb5 Ra1 56. Kb6 Rb1+ 57. Kc6 Ra1 58. Kd7 Kg7 59. Ke7 Re1+ 60.
Kd6 Ra1 61. f4 Kf6 62. g4 hxg4 63. hxg4 Rd1+ 64. Kc7 Ra1 65. Kd7 Kg7 66. Ke7
Re1+ 67. Kd6 Ra1 68. Ke5 Ra5+ 69. Kd4 Kf6 70. Ke4 Ra4+ 71. Kf3 Ra3+ 72. Ke4 Ra4+
73. Kd5 Ra5+ 74. Kc6 Ra1 75. Kd7 Kg7 76. g5 Ra2 77. Ke7 Re2+ 78. Kd6 Ra2 79. Kc7
Rc2+ 80. Kd6 Ra2 81. Kc5 Ra1 82. Kd5 Ra5+ 83. Ke4 Ra4+ 84. Kf3 Ra3+ 85. Kg4 Ra4
86. Kh3 Ra3+ 87. Kh4 Ra4 88. Kg4 Ra1 89. f5 Ra4+ 90. Kg3 gxf5 91. Kf3 Ra3+ 92.
Kf4 Ra5 93. Ke3 Ra4 1/2-1/2

[Event "Xtracon Chess Open 2017"]
[Site "Helsingor DEN"]
[Date "2017.07.23"]
[Round "2.62"]
[White "Jensen, Thore Nyboe"]
[Black "Dahl, Trygve"]
[Result "1-0"]
[WhiteElo "2016"]
[BlackElo "2292"]
[WhiteFideId "1405349"]
[BlackFideId "1513427"]
[EventDate "2017.07.22"]

1. e4 c5 2. Nc3 a6 3. Nf3 e6 4. d4 cxd4 5. Nxd4 Qc7 6. Be3 Nf6 7. a3 b5 8. Bd3
Bb7 9. O-O d5 10. exd5 Nxd5 11. Nxd5 Bxd5 12. Rc1 Nd7 13. Re1 Bd6 14. h3 O-O 15.
Qh5 g6 16. Qh4 Rfe8 17. Bg5 e5 18. Nb3 f5 19. c4 bxc4 20. Bxc4 Bxc4 21. Qxc4+
Qxc4 22. Rxc4 Rec8 23. Rxc8+ Rxc8 24. Rd1 Nc5 25. Rxd6 Nxb3 26. Rxa6 Rc2 27. Rb6
Nd4 28. a4 f4 29. a5 Rc1+ 30. Kh2 Ra1 31. a6 Kf7 32. h4 Ke8 33. Bf6 f3 34. Bxe5
fxg2 35. Kxg2 Nf5 36. Bf6 Kd7 37. b4 Ra2 38. b5 Ne3+ 39. Kf3 Nd5 40. Rb7+ Kd6
41. Bg5 Ra3+ 42. Be3 Nc7 43. a7 1-0

[Event "Xtracon Chess Open 2017"]
[Site "Helsingor DEN"]
[Date "2017.07.23"]
[Round "2.63"]
[White "Veng, Johnni"]
[Black "Frisk, Hans"]
[Result "1-0"]
[WhiteTitle "FM"]
[WhiteElo "2279"]
[BlackElo "1997"]
[WhiteFideId "1408623"]
[BlackFideId "1708570"]
[EventDate "2017.07.22"]

1. g3 e5 2. Bg2 d5 3. d3 Nf6 4. Nf3 Nc6 5. O-O Be7 6. Nbd2 O-O 7. e4 Be6 8. exd5
Nxd5 9. Re1 f6 10. d4 Bg4 11. h3 Bxf3 12. Nxf3 Nb6 13. dxe5 Qxd1 14. Rxd1 fxe5
15. c3 a5 16. Re1 Bc5 17. Be3 Bxe3 18. Rxe3 Nc4 19. Re2 a4 20. Ng5 N4a5 21. Bd5+
Kh8 22. Nf7+ Kg8 23. Nxe5+ Kh8 24. Nf7+ Kg8 25. Nd6+ Kh8 26. Nxb7 Rab8 27. Nxa5
Nxa5 28. Rae1 Rbd8 29. Re5 c6 30. Be6 Nb7 31. R1e2 Rd1+ 32. Kg2 Nd8 33. Rf5 1-0

[Event "Xtracon Chess Open 2017"]
[Site "Helsingor DEN"]
[Date "2017.07.23"]
[Round "2.64"]
[White "Schmied, Andreas"]
[Black "Hobber, Anders"]
[Result "0-1"]
[BlackTitle "FM"]
[WhiteElo "2010"]
[BlackElo "2278"]
[WhiteFideId "4625897"]
[BlackFideId "1505424"]
[EventDate "2017.07.22"]

1. e4 e6 2. d4 d5 3. Nd2 Nf6 4. e5 Nfd7 5. Bd3 c5 6. c3 Nc6 7. Ne2 cxd4 8. cxd4
f6 9. exf6 Nxf6 10. O-O Bd6 11. Nf3 O-O 12. Bf4 Nh5 13. Bxd6 Qxd6 14. Re1 Bd7
15. Ng3 Nf4 16. Bf1 Be8 17. a3 Bg6 18. Ne5 Nxe5 19. Rxe5 Qb6 20. b4 Rac8 21. Rc1
Rxc1 22. Qxc1 Qxd4 23. Re3 Qf6 24. f3 Qd8 0-1

[Event "Xtracon Chess Open 2017"]
[Site "Helsingor DEN"]
[Date "2017.07.23"]
[Round "2.65"]
[White "Svane, Frederik"]
[Black "Samaganova, Alexandra"]
[Result "1/2-1/2"]
[WhiteElo "2276"]
[BlackElo "1992"]
[WhiteFideId "12923044"]
[BlackFideId "13800221"]
[EventDate "2017.07.22"]

1. e4 e6 2. d4 d5 3. Nd2 c5 4. exd5 exd5 5. Ngf3 Nc6 6. Bb5 cxd4 7. O-O Bd6 8.
Nxd4 Ne7 9. N2f3 O-O 10. Bg5 Qc7 11. Bxe7 Bxe7 12. c3 Bg4 13. Qd3 Bf6 14. Rfe1
Rad8 15. a3 Bh5 16. Ba4 Bg6 17. Qd2 Na5 18. Bc2 Nc4 19. Qc1 Rfe8 20. Rxe8+ Rxe8
21. Bxg6 hxg6 22. Qc2 Re4 23. Rd1 Qe7 24. Kf1 Bxd4 25. Rxd4 Rxd4 26. Nxd4 Qd6
27. g3 Qb6 28. Qa4 Qxb2 29. Qe8+ Kh7 30. Qxf7 Qc1+ 31. Kg2 Nd2 32. Kh3 Ne4 33.
Ne6 Qxc3 34. Nf8+ Kh8 35. Nxg6+ Kh7 36. Nf8+ Kh8 37. Qh5+ Kg8 38. Qxd5+ Kxf8 39.
Qxe4 Qxa3 40. Qxb7 a5 41. f4 a4 42. Qc8+ Kf7 43. Qd7+ Kf8 44. Qd8+ Kf7 45. Qd7+
Kf8 46. Qc8+ Kf7 1/2-1/2

[Event "Xtracon Chess Open 2017"]
[Site "Helsingor DEN"]
[Date "2017.07.23"]
[Round "2.66"]
[White "Magnusson, Magnus"]
[Black "Rosenkilde, Alexander"]
[Result "1/2-1/2"]
[WhiteElo "2005"]
[BlackElo "2274"]
[WhiteFideId "2302128"]
[BlackFideId "1408488"]
[EventDate "2017.07.22"]

1. e4 c5 2. Nc3 d6 3. g3 Nc6 4. Bg2 g6 5. d3 Bg7 6. Be3 Rb8 7. Qd2 b5 8. Nf3 Nd4
9. Nh4 b4 10. Nd1 e5 11. c3 Ne6 12. O-O Nf6 13. Bh6 O-O 14. Bxg7 Kxg7 15. Ne3
bxc3 16. bxc3 Bb7 17. Rab1 Qa5 18. Nc4 Qc7 19. f4 exf4 20. gxf4 Ba6 21. Rxb8
Rxb8 22. f5 Bxc4 23. dxc4 Nf8 24. fxg6 fxg6 25. Qg5 N8d7 26. Nf5+ Kh8 27. Ne7 1/2-1/2

[Event "Xtracon Chess Open 2017"]
[Site "Helsingor DEN"]
[Date "2017.07.23"]
[Round "2.67"]
[White "Seo, Jung Min"]
[Black "Henningsen, Lasse"]
[Result "1/2-1/2"]
[WhiteElo "2270"]
[BlackElo "1988"]
[WhiteFideId "1734687"]
[BlackFideId "1425315"]
[EventDate "2017.07.22"]

1. e4 e5 2. Nf3 Nc6 3. Bc4 Nf6 4. Nc3 Nxe4 5. Nxe4 d5 6. Bd3 dxe4 7. Bxe4 Bd6 8.
O-O O-O 9. h3 h6 10. Re1 Re8 11. c3 Bd7 12. d4 exd4 13. Nxd4 Nxd4 14. cxd4 c6
15. Bf3 Rxe1+ 16. Qxe1 Qf6 17. Qd1 Bc7 18. Bg4 Rd8 19. Be3 Bxg4 20. Qxg4 Bb6 21.
Rd1 Qe6 22. Qxe6 fxe6 23. Rd2 Ba5 24. Rc2 Bb6 25. Rd2 Ba5 26. Rd3 e5 27. Ra3
exd4 28. Rxa5 dxe3 29. fxe3 a6 30. Ra3 Rd2 31. Rb3 b5 32. a4 bxa4 33. Rb6 Re2
34. Rxa6 Rxe3 35. Rxc6 Rb3 36. Rc4 Rxb2 37. Rxa4 Rc2 38. Ra7 Kh7 39. Kh2 1/2-1/2

[Event "Xtracon Chess Open 2017"]
[Site "Helsingor DEN"]
[Date "2017.07.23"]
[Round "2.68"]
[White "Quinn, David"]
[Black "Ranaldi, Lucas"]
[Result "0-1"]
[BlackTitle "FM"]
[WhiteElo "2001"]
[BlackElo "2269"]
[WhiteFideId "2401452"]
[BlackFideId "1519484"]
[EventDate "2017.07.22"]

1. d4 Nf6 2. c4 g6 3. Nc3 Bg7 4. e4 d6 5. f3 O-O 6. Bg5 c5 7. d5 h6 8. Be3 e6 9.
Qd2 exd5 10. cxd5 h5 11. Nge2 a6 12. a4 Nbd7 13. Nc1 Qc7 14. Be2 Rb8 15. O-O Re8
16. Kh1 b6 17. N1a2 c4 18. Rab1 Nc5 19. b4 cxb3 20. Nb4 Nfd7 21. Nc6 Ra8 22.
Rfc1 Bb7 23. Nd4 Rac8 24. Nxb3 Nxb3 25. Rxb3 Nc5 26. Rbb1 Rb8 27. Bd4 Bc8 28.
Bxg7 Kxg7 29. Na2 a5 30. Nc3 Qe7 31. Bb5 Rf8 32. Ne2 Qf6 33. Nd4 h4 34. Nc6 Rb7
35. Qd4 Bd7 36. Kg1 Bxc6 37. Qxf6+ Kxf6 38. Bxc6 Rbb8 39. Rc2 Nd3 40. Bb5 Nc5
41. Rcb2 Ke5 42. Bc6 f5 43. exf5 Rxf5 44. Re2+ Kf6 45. Rbe1 h3 46. Re7 hxg2 47.
Re8 Rxe8 48. Rxe8 Re5 49. Rf8+ Kg7 50. Rb8 Re2 51. Rxb6 Nd3 52. Bb5 Rb2 53. Rb7+
Kf6 54. Ba6 Rxb7 55. Bxb7 Ne1 56. Kf2 Ke5 57. Bc6 g5 58. Bb7 Kf4 59. Bc8 g1=Q+
60. Kxg1 Kxf3 61. Kf1 Nc2 62. Kg1 Ne3 63. Bb7 g4 64. Bc6 g3 65. hxg3 Kxg3 66.
Bb7 Kf3 67. Bc6 Ke4 68. Kf2 Nxd5 69. Ke2 Kd4 70. Kd2 Kc4 71. Bb5+ Kb4 72. Kd3
Nc3 73. Bd7 Nxa4 74. Bc6 Nb6 75. Kc2 a4 76. Kb1 a3 77. Ka1 d5 78. Be8 d4 79. Bg6
Nc4 80. Ka2 Kc3 81. Kb1 d3 82. Bxd3 Kxd3 83. Ka1 Kc3 84. Ka2 Kb4 85. Ka1 Kb3 86.
Kb1 Ne3 87. Ka1 Nc2+ 0-1

[Event "Xtracon Chess Open 2017"]
[Site "Helsingor DEN"]
[Date "2017.07.23"]
[Round "2.69"]
[White "Stojanovski, Sandi"]
[Black "Meurman, Arne"]
[Result "1-0"]
[WhiteTitle "FM"]
[WhiteElo "2268"]
[BlackElo "1980"]
[WhiteFideId "1403249"]
[BlackFideId "1704923"]
[EventDate "2017.07.22"]

1. c4 c5 2. g3 Nf6 3. Bg2 d5 4. cxd5 Nxd5 5. Nc3 Nc7 6. Nf3 Nc6 7. O-O e5 8. a3
f6 9. Rb1 Be7 10. b4 O-O 11. bxc5 Bxc5 12. e3 Kh8 13. d4 exd4 14. Na4 Be7 15.
Nxd4 Na5 16. Qd2 Ne6 17. Nb5 a6 18. Qxd8 Rxd8 19. Nb6 Rb8 20. Na7 Bd7 21. Bd2
Bb5 22. Bxa5 Bxf1 23. Kxf1 Rd3 24. Nd5 Bxa3 25. Be4 Nc5 26. Bxd3 Nxd3 27. Rb3
Bc5 28. Rxd3 Bxa7 29. Nb6 Kg8 30. Rd7 h6 31. h4 h5 32. Ke2 Kh7 33. e4 Re8 34.
Kf3 Re5 35. Rxb7 Bxb6 36. Bxb6 Rb5 37. Rb8 a5 38. Ba7 1-0

[Event "Xtracon Chess Open 2017"]
[Site "Helsingor DEN"]
[Date "2017.07.23"]
[Round "2.70"]
[White "Fossan, Andreas"]
[Black "Malmstig, Erik"]
[Result "1/2-1/2"]
[BlackTitle "FM"]
[WhiteElo "1998"]
[BlackElo "2266"]
[WhiteFideId "1516108"]
[BlackFideId "1702866"]
[EventDate "2017.07.22"]

1. d4 Nf6 2. c4 g6 3. Nc3 Bg7 4. e4 d6 5. Bd3 c5 6. d5 a6 7. a4 e5 8. Nge2 O-O
9. O-O Nbd7 10. Rb1 Kh8 11. Bg5 h6 12. Bd2 Nh7 13. Be3 Qh4 14. Qd2 Nhf6 15. f3
Ng8 16. a5 Qd8 17. Na4 b5 18. axb6 a5 19. Nec3 Nxb6 20. Ra1 Nd7 21. Nb5 Nb8 22.
Nxd6 Qxd6 23. Bxc5 Qc7 24. Bxf8 Bxf8 25. Kh1 Bd7 26. f4 Bb4 27. Qe2 Nf6 28. b3
Bxa4 29. bxa4 Nbd7 30. Qe3 Kg7 31. Rad1 exf4 32. Rxf4 Bd6 33. Rff1 Bxh2 34. c5
Ng4 35. Rxf7+ Kxf7 36. Qf3+ Ndf6 37. Rf1 Bg1 38. d6 Qxc5 39. Qxg4 Bf2 40. Qf3
Bd4 41. e5 Bxe5 42. Qb7+ Ke6 43. Qxa8 Qd4 44. Qc8+ Kxd6 45. Qa6+ Ke7 46. Qb7+
Ke6 47. Qa6+ Ke7 48. Qb7+ Nd7 49. Qf3 Qh4+ 50. Qh3 Qxh3+ 51. gxh3 Nc5 52. Bb5 g5
53. Rd1 Bc3 54. Rd5 Bb4 55. Re5+ Kf6 56. Rxc5 Bxc5 57. Kg2 Kf5 58. Bd7+ Kf4 59.
Bb5 h5 60. Be8 h4 61. Bd7 Ke3 62. Bb5 Bd6 63. Bd7 Bg3 64. Bb5 Kd4 65. Bd7 Bd6
66. Bb5 Bc7 67. Bd7 Kc5 68. Bb5 Kd6 69. Kf3 Ke7 70. Kg4 Kf6 71. Be8 Bd8 72. Bb5
Ke5 73. Be8 Ke6 74. Bb5 Kd6 75. Be8 Ke5 76. Bb5 Ke4 77. Be8 Ke3 78. Bb5 Kf2 79.
Bc6 Kg1 80. Bb5 Kg2 81. Bc6+ Kh2 82. Bb5 Bc7 83. Be8 Bd6 84. Bb5 Bb4 85. Bc6 Bd2
86. Bb5 Kg2 87. Bc6+ Kf2 88. Bb5 Bf4 89. Be8 Ke3 90. Bb5 Kd4 91. Be8 Kc5 92. Bb5
Kd6 93. Be8 Bd2 94. Bb5 Ke7 95. Bc6 Bf4 96. Bb5 Kd8 97. Bc6 Bc1 98. Bb5 Kc7 99.
Be8 Kb7 100. Bb5 Kb6 101. Be8 Bd2 102. Bb5 Kc5 103. Be8 Kb6 104. Bb5 Kc5 1/2-1/2

[Event "Xtracon Chess Open 2017"]
[Site "Helsingor DEN"]
[Date "2017.07.23"]
[Round "2.71"]
[White "Taylor, Adam C"]
[Black "Philipsen, William Horup"]
[Result "1-0"]
[WhiteTitle "FM"]
[WhiteElo "2265"]
[BlackElo "1977"]
[WhiteFideId "424668"]
[BlackFideId "1408470"]
[EventDate "2017.07.22"]

1. Nf3 Nc6 2. d4 d5 3. Bf4 f6 4. c4 e5 5. cxd5 Bb4+ 6. Bd2 Bxd2+ 7. Nbxd2 Nxd4
8. Nxd4 exd4 9. Qa4+ Qd7 10. Qxd4 Ne7 11. e4 O-O 12. Bc4 Kh8 13. O-O Qg4 14. f4
Ng6 15. Qf2 Qh5 16. Rac1 Bg4 17. h3 Bxh3 18. gxh3 Qxh3 19. Rc3 Qh6 20. Qh2 Nh4
21. Nf3 Qg6+ 22. Kh1 Nxf3 23. Rcxf3 h6 24. Bd3 Rad8 25. Rg1 Qh7 26. Rfg3 g5 27.
e5 f5 28. Rh3 Qd7 29. Rxh6+ Kg8 30. Rxg5+ Kf7 31. Qh5+ Ke7 32. Rg7+ Rf7 33.
Qxf7# 1-0

[Event "Xtracon Chess Open 2017"]
[Site "Helsingor DEN"]
[Date "2017.07.23"]
[Round "2.72"]
[White "Marthedal, Anton Mehmet Yildiz"]
[Black "Halfhide, Sebastian"]
[Result "0-1"]
[WhiteElo "1993"]
[BlackElo "2253"]
[WhiteFideId "1441540"]
[BlackFideId "1045946"]
[EventDate "2017.07.22"]

1. d4 Nf6 2. Nf3 g6 3. Bf4 Bg7 4. e3 d6 5. h3 O-O 6. Be2 Nfd7 7. Bh2 e5 8. O-O
Nc6 9. c3 h6 10. a4 f5 11. Na3 Qe7 12. Nb5 Nf6 13. Qb3+ Kh7 14. d5 Nb8 15. Qc4
c6 16. Nxd6 Qxd6 17. Bxe5 Qxd5 18. Qh4 Ne4 19. Rfd1 Qe6 20. Rd6 Qe8 21. Ng5+
Nxg5 22. Bh5 0-1

[Event "Xtracon Chess Open 2017"]
[Site "Helsingor DEN"]
[Date "2017.07.23"]
[Round "2.73"]
[White "Roe, Simon J"]
[Black "Larsen, Ulrik"]
[Result "1-0"]
[WhiteElo "2253"]
[BlackElo "1971"]
[WhiteFideId "401471"]
[BlackFideId "1441167"]
[EventDate "2017.07.22"]

1. c4 Nf6 2. Nf3 g6 3. g3 Bg7 4. Bg2 O-O 5. O-O d6 6. d4 Nc6 7. Nc3 a6 8. d5 Na5
9. Nd2 c5 10. Rb1 Rb8 11. b3 b5 12. Bb2 e5 13. e3 Bf5 14. e4 Bd7 15. Ne2 Bh6 16.
f4 Ng4 17. Rf3 bxc4 18. h3 cxb3 19. axb3 exf4 20. gxf4 Nf6 21. Ra1 Bg7 22. Bc3
Nb7 23. Rxa6 Bb5 24. Ra1 Re8 25. Ng3 Rc8 26. Qc2 c4 27. b4 Ra8 28. Rxa8 Qb6+ 29.
Kh1 Rxa8 30. Qb2 Qd8 31. Ne2 Nh5 32. Bxg7 Nxg7 33. Nd4 Qb6 34. Bf1 Rc8 35. Qc3
Ra8 36. Nxb5 Qxb5 37. Bxc4 Qd7 38. Qd4 Rc8 39. Kh2 Qa4 40. Bb3 Qb5 41. Rf2 Ra8
42. Qc3 Qb6 43. Kg2 Nd8 44. Nc4 Qc7 45. Rf3 Rc8 46. Qd2 Ra8 47. Na5 Qb6 48. Nc4
Qc7 49. f5 Nh5 50. e5 dxe5 51. d6 Qb7 52. Nxe5 Ra3 53. Bd5 Qa7 54. fxg6 hxg6 55.
Qg5 Ne6 56. Bxe6 fxe6 57. Qd8+ Kh7 58. Rf7+ Ng7 59. Rxa7 1-0

[Event "Xtracon Chess Open 2017"]
[Site "Helsingor DEN"]
[Date "2017.07.23"]
[Round "2.74"]
[White "Preuss, Flemming"]
[Black "Jacobsen, Mikkel Manosri"]
[Result "0-1"]
[BlackTitle "FM"]
[WhiteElo "1986"]
[BlackElo "2247"]
[WhiteFideId "1403338"]
[BlackFideId "1444514"]
[EventDate "2017.07.22"]

1. f4 g6 2. Nf3 Bg7 3. g3 Nf6 4. Bg2 O-O 5. d3 c5 6. O-O Nc6 7. e4 d6 8. c3 Rb8
9. a4 a6 10. h3 b5 11. axb5 axb5 12. g4 b4 13. e5 dxe5 14. fxe5 Nd5 15. Qe2 bxc3
16. bxc3 Rxb1 17. Rxb1 Nxc3 18. Qc2 Nxb1 19. Bb2 Nb4 20. Qxb1 Qxd3 21. Qc1 Qb3
22. Ne1 Rd8 23. Bf3 Na2 24. Qxc5 Qxb2 25. Qxe7 Qd4+ 26. Rf2 Bxe5 27. Nc2 Qd6 28.
Qa7 Nb4 29. Nxb4 Bd4 30. Qa5 Qg3+ 31. Kf1 Qxf2# 0-1